نز ر مشتا ق ا حمد (Record no. 176557)

MARC details
000 -LEADER
fixed length control field 00882nam a22001937a 4500
005 - DATE AND TIME OF LATEST TRANSACTION
control field 20210128111329.0
010 ## - LCCN (DPL NO)
LC control number UR-10992
020 ## - INTERNATIONAL STANDARD BOOK NUMBER
Terms of availability 300.00
International Standard Book Number -
035 ## - SYSTEM CONTROL NUMBER
System control number U-9547
037 ## - SOURCE OF ACQUISITION
Source of stock number/acquisition DBAD/PUB
082 ## - DEWEY DECIMAL CLASSIFICATION NUMBER
Classification number 840.8
100 ## - MAIN ENTRY--PERSONAL NAME
Personal name تبہ: عبد الحق،ا نو ا ر ا حمد،ا يس ا قبا ل قر يشی،سر فر ا ز جا و يد -محمد شا ہد خا ن
245 ## - TITLE STATEMENT
Title نز ر مشتا ق ا حمد
Statement of responsibility, etc مر تبہ: عبد الحق،ا نو ا ر ا حمد،ا يس ا قبا ل قر يشی،سر فر ا ز جا و يد -محمد شا ہد خا ن
246 ## - VARYING FORM OF TITLE
Remainder of title Nazer-e-Mushtaq Ahmed (Urdu)
Title proper/short title Edited by Abdul Haq Anwar Ahmed
260 ## - PUBLICATION, DISTRIBUTION, ETC. (IMPRINT)
Place of publication, distribution, etc Gujrat
Name of publisher, distributor, etc Shams Grup of School
Date of publication, distribution, etc 2020 ء
270 ## - ADDRESS
Address Shams Grup of School,Rakhial Road,Crossing,
City Ahmedabad
Postal code 380023
Fax number 9327040143
300 ## - PHYSICAL DESCRIPTION
Extent 224 ص
Dimensions 22 Cm(Hb)
942 ## - ADDED ENTRY ELEMENTS (KOHA)
Source of classification or shelving scheme Dewey Decimal Classification
Item type Urdu Bks
Classification part 840.8
Call number suffix ن ز ر
Holdings
Withdrawn status Lost status Not for loan Collection code Home library Current library Date acquired Source of acquisition Cost, normal purchase price Full call number Barcode Copy number Cost, replacement price Koha item type
      Non-fiction D.B.Act.Division D.B.Act.Division 07/01/2021 DBAD/PUB 300.00 840.8 ن ز ر U-9547 1 300.00 Urdu Bks

© Delhi Public Library
Hit Counter
free hit counter